Представление документа в формате RUSMARC

ПолеНазваниеЗначение
  Тип записи a
  Библиографический уровень m
001 Контрольный номер RU/CBS_UL/BASE/1b1fd8d5cb3245fd8f8cd4691c205377
005 Дата корректировки 20260420154452.9
010 Индекс ISBN __
a ISBN 978-5-699-87829-1
b Уточнения в пер.
d Цена 215 р. 00 к.
9 Тираж 5 000 экз.
100 Данные общей обработки __
a Данные общей обработки 20260402d 0rusy0189## ca
101 Язык документа 0_
a Язык текста rus
102 Страна публикации __
a Страна публикации RU
200 Заглавие и сведения об ответственности 1_
a Заглавие Доктор_аннамама, у меня вопрос
e Сведения, относящиеся к заглавию #как сохранить здоровье ребенка?
f Первые сведения об ответственности А. В. Левадная
g Последующие сведения об ответственности ил. И. В. Ветрова
210 Выходные данные 1_
a Место издания Москва
c Издательство ЭКСМО
d Дата издания 2017
215 Физическое описание __
a Объем 319 с.
c Иллюстрации/тип воспроизводства ил.
d Формат 17 см.
225 Серия 2_
a Серия Инстадоктор
300 Общие примечания __
a Общие примечания 12+
300 Общие примечания __
a Общие примечания Указ. изд-во "Э"
606 Тематические рубрики 0_
a Основная рубрика Болезни детские - Первая помощь
610 Ключевые слова 0_
a Ключевые слова педиатрия; здоровье детей; советы родителям; первая помощь; болезни детские; профилактика болезней; уход за ребенком
686 Индексы других классификаций __
2 Код системы rubbk
a Классификационный индекс 57.33
700 Автор _1
a Фамилия Левадная
b Имя (инициалы) А. В.
g Полное личное имя Анна Викторовна
801 Источник записи _0
a Страна RU
b Организация МБУК ЦБС г. Ульяновска
c Дата составления 20260402
g Правила каталогизации RCR
801 Источник записи _1
a Страна RU
b Организация МБУК ЦБС г. Ульяновска
c Дата составления 20260402
g Правила каталогизации RCR
852 Данные о местонахождении __
i Авторский знак Л 34
j Шифр хранения 57.3
900 Электронные ресурсы __
a Имя электронного ресурса левадная как сохо здоровье
901 Тип документа __
t Тип документа m